|
|
|
|
| LEADER |
00000naa2a2200000 4500 |
| 001 |
314193 |
| 005 |
20260202085252.0 |
| 035 |
|
|
|a (RuTPU)RU\TPU\book\339604
|
| 035 |
|
|
|a RU\TPU\book\339600
|
| 090 |
|
|
|a 314193
|
| 100 |
|
|
|a 20160210d2003 k y0rusy50 ca
|
| 101 |
0 |
|
|a rus
|
| 102 |
|
|
|a RU
|
| 200 |
1 |
|
|a Словарь антропонимов Томского острога XVII - начала XVIII вв. и структурный анализ его фамилий (буквы Л-Я)
|f К. А. Ярополова
|
| 461 |
|
1 |
|0 (RuTPU)RU\TPU\book\65664
|t Актуальные проблемы лингвистики, литературоведения и журналистики
|o Материалы научно-методической конференции молодых ученых, 12-13апреля 2002 г., Томск
|f Томский государственный университет
|d 2003-
|
| 463 |
|
0 |
|0 (RuTPU)RU\TPU\book\65248
|t Ч. 1: Лингвистика и литературоведение
|v С. 70-71
|d 2003
|
| 700 |
|
1 |
|a Ярополова
|b К. А.
|
| 801 |
|
1 |
|a RU
|b 63413507
|c 20160130
|
| 801 |
|
2 |
|a RU
|b 63413507
|c 20160307
|g RCR
|
| 942 |
|
|
|c BK
|